000 00751nam a22002297a 4500
005 20251108172938.0
008 250721s2004 xx 000 0 ara d
082 1 4 _a574/حمو
100 1 _aالحمود، محمد حسن
245 1 0 _aتجارب علمية في الأحياء : الأجنة , البيئة و التلوث , التطور , السلوك /
264 1 _aعمان :
_bالأهلية للنشرو التوزيع،
_c2004.
300 _a175 ص.
490 0 _aالعلوم البيولوجية
650 1 7 _aالتجارب
650 1 7 _aالبيولوجيا
650 1 7 _aالأحياء
650 1 7 _aالأجنة
650 1 7 _aالتلوث
700 1 _aيوسف، وليد حميد
942 _2ddc
_cBK
999 _c92473
_d92473